Yokai watch 2 : Médallium - Statistiques

Statistiques générales
  • Ce quiz a été pris 19 fois
    18 depuis la dernière actualisation
  • Le résultat moyen est 165 sur 448
Statistiques - réponses
Origine numéro Yokai % Correct
YW2 #432 Utramax K
89%
YW1 #003 Alfoncéo
78%
YW1 #135 Jibanyan
78%
YW2 #433 Jibanyan S
78%
YW1 #144 Komajiro
78%
YW2 #435 Komajiro S
78%
YW1 #142 Komasan
78%
YW2 #434 Komasan S
78%
YW1 #002 Pagno
78%
YW2 #348 Robonyan F
78%
YW2 #431 Ultramax N
78%
YW1 #001 Woko
78%
YW1 #024 Feulion
67%
YW1 #013 Fouétar
67%
YW2 #009 Roupilion
67%
YW1 #026 Siro
67%
YW1 #004 Toumou
67%
YW1 #012 Zerberker
67%
YW1 #021 Âmiral
56%
YW1 #137 Bandinyan
56%
YW1 #081 Barakabo
56%
YW2 #022 Bouh
56%
YW1 #020 Bushidos
56%
YW1 #328 Cabotin
56%
YW1 #326 Camaïeul
56%
YW2 #023 Coach Antonic
56%
YW2 #352 Darknyan
56%
YW2 #325 Déballerine
56%
YW1 #331 Emeranyan
56%
YW1 #136 Epinyan
56%
YW2 #158 Faux kappa
56%
YW2 #438 Gargaros
56%
YW1 #427 Gargaros
56%
YW1 #019 Heaumer
56%
YW2 #351 Hovernyan
56%
YW1 #080 Kyubi
56%
YW1 #005 Lamlam'mou
56%
YW2 #350 Maskonyan
56%
YW2 #439 Ogralos
56%
YW1 #428 Ogralos
56%
YW2 #010 Rugis
56%
YW2 #349 Sailornyan
56%
YW2 #016 Sale de bain
56%
YW1 #006 Samoumouraï
56%
YW2 #007 Samoussrai
56%
YW1 #330 Saphinyan
56%
YW1 #322 Shogunyan
56%
YW2 #011 Trépigno
56%
YW1 #025 Vibrilion
56%
YW2 #017 Agonigiri
44%
YW2 #282 Arachnus
44%
YW2 #380 Avallée
44%
YW1 #032 B3-NK1
44%
YW1 #054 Babalance
44%
YW2 #377 Barrakéda
44%
YW1 #046 Bastata
44%
YW1 #031 Benkei
44%
YW1 #027 Bonneto
44%
YW1 #127 Cigalopin
44%
YW2 #121 Crapop
44%
YW2 #038 Démophage
44%
YW1 #238 Dente
44%
YW1 #334 Diamanyan
44%
YW2 #363 Fou Kappa
44%
YW1 #049 Gagalurin
44%
YW2 #041 Gastong
44%
YW1 #324 Gorgouille
44%
YW1 #167 Granpapéti
44%
YW1 #072 Hiblusion
44%
YW1 #074 Hibourling
44%
YW1 #073 Hibrouille
44%
YW1 #189 Jojojoyeux
44%
YW1 #034 Kapunki
44%
YW2 #337 Kiwinyan
44%
YW2 #442 Komak
44%
YW1 #143 Komaous
44%
YW1 #323 Komashura
44%
YW1 #145 Komistigri
44%
YW2 #385 Krakatouaaah
44%
YW1 #095 Loubarbare
44%
YW1 #265 Lulugubre
44%
YW2 #437 Luminoct
44%
YW1 #043 Matchou
44%
YW1 #055 Mémétal
44%
YW1 #015 Mochimacho
44%
YW2 #381 Mont Merci
44%
YW1 #042 Morvobec
44%
YW2 #067 Mythovni
44%
YW2 #430 Narinos
44%
YW1 #211 Nihilistik
44%
YW1 #285 Noko
44%
YW2 #436 Obskyurbi
44%
YW1 #320 Octorgone
44%
YW2 #018 Onigirix
44%
YW1 #030 Orox
44%
YW2 #440 Orqanos
44%
YW1 #429 Orqanos
44%
YW2 #050 Ovide
44%
YW1 #029 Padelou
44%
YW1 #287 Pandanoko
44%
YW2 #375 Panja-san
44%
YW1 #044 Papa Ress
44%
YW2 #374 Petit Panja
44%
YW2 #384 Pfffuji
44%
YW2 #040 Pleurapluie
44%
YW1 #168 Puissanfon
44%
YW1 #045 Ralbouc
44%
YW1 #117 Robonyan
44%
YW2 #008 Ronimpec
44%
YW1 #332 Rubinyan
44%
YW1 #028 Sabri
44%
YW2 #376 Samuren
44%
YW2 #327 Savantard
44%
YW1 #036 Scarmouche
44%
YW1 #037 Scarnage
44%
YW1 #035 Scatcheur
44%
YW2 #329 Slurpent
44%
YW1 #014 Sumochi
44%
YW1 #033 Sushiyama
44%
YW1 #078 Tengu
44%
YW1 #079 Tengurou
44%
YW1 #236 Timidémon
44%
YW1 #333 Topanyan
44%
YW1 #053 Toutouie
44%
YW2 #232 Triptyk
44%
YW1 #396 Triptyk
44%
YW2 #039 Vampéric
44%
YW2 #373 Vérrascible
44%
YW2 #164 Algacarena
33%
YW2 #226 Amédélègue
33%
YW1 #155 Angelik
33%
YW1 #290 Anghihihile
33%
YW2 #105 Antonerre
33%
YW2 #068 Apélicain
33%
YW1 #140 Appak
33%
YW2 #283 Arachnia
33%
YW1 #307 Bababou
33%
YW1 #146 Baku
33%
YW2 #147 Bakuku
33%
YW1 #314 Bananar
33%
YW2 #418 Barbebluff
33%
YW2 #390 Barbefrousse
33%
YW1 #237 Belzel
33%
YW1 #260 Bicorniot
33%
YW1 #266 Blablara
33%
YW2 #423 Blingos
33%
YW1 #156 Blizzaria
33%
YW2 #424 Bogoss
33%
YW2 #372 Bon-huiii
33%
YW2 #347 Boucanyan
33%
YW1 #100 Boulapic
33%
YW1 #101 Bouldacier
33%
YW2 #062 Brumella
33%
YW2 #061 Brumette
33%
YW2 #138 Buchinyan
33%
YW2 #387 Canastelle
33%
YW2 #316 Carpitaine
33%
YW1 #400 Carpitaine
33%
YW1 #112 Castelius I
33%
YW1 #111 Castelius II
33%
YW1 #110 Castelius III
33%
YW1 #113 Castelius Max
33%
YW1 #277 Cenridion
33%
YW1 #261 Cerbébert
33%
YW1 #047 Chaipô
33%
YW2 #091 Charivari
33%
YW1 #130 Chihuaglagla
33%
YW2 #224 Chip-Chope
33%
YW1 #132 Cho-Cho
33%
YW2 #447 Chomino
33%
YW1 #152 Choubidou
33%
YW2 #082 Chymère
33%
YW2 #083 Chyper
33%
YW1 #128 Cigaillard
33%
YW1 #129 Cigazouille
33%
YW1 #114 Coléroptère
33%
YW2 #227 Compte Zapzap
33%
YW1 #206 Contracto
33%
YW1 #219 Contrarioni
33%
YW1 #116 Corniaque
33%
YW1 #259 Corniot
33%
YW2 #274 Crocho
33%
YW1 #398 Crocho
33%
YW1 #056 Cupistol
33%
YW2 #426 Cycloptique
33%
YW2 #357 Cyrustre
33%
YW1 #157 Damona
33%
YW1 #085 Darabajoie
33%
YW1 #086 Darumastar
33%
YW1 #247 Délujien
33%
YW1 #413 Didgeai
33%
YW2 #443 Domniscian
33%
YW1 #057 Donjuant
33%
YW1 #300 Dracounet
33%
YW2 #233 Dracunyan
33%
YW1 #302 Drago
33%
YW1 #407 Dr Jobard
33%
YW1 #065 Dynamo
33%
YW1 #245 Ecchinose
33%
YW2 #297 Ed Mémoire
33%
YW1 #202 Egaroni
33%
YW1 #064 Emettor
33%
YW1 #212 Emousstik
33%
YW1 #075 Espi
33%
YW1 #076 Etassivilia
33%
YW1 #279 Eterna
33%
YW1 #109 Etna Magma
33%
YW2 #448 Extrabuki
33%
YW2 #089 Fanfanfaron
33%
YW2 #365 Fatalutin
33%
YW2 #356 Fielippine
33%
YW2 #422 Filomène
33%
YW2 #415 Firmain
33%
YW1 #276 Flopito
33%
YW1 #097 Frérosse
33%
YW1 #131 Froahuahua
33%
YW1 #248 Fryzeur
33%
YW2 #362 Fumella
33%
YW2 #360 Gale de bain
33%
YW2 #122 Geeko
33%
YW2 #371 Geigneau
33%
YW2 #223 Gloups
33%
YW1 #087 Goruma
33%
YW1 #169 Grainpère
33%
YW1 #094 Granpart
33%
YW1 #213 Grattoptère
33%
YW2 #180 Grégrigry
33%
YW2 #388 Grolos
33%
YW1 #405 Hagacurée
33%
YW2 #225 Hâtila
33%
YW1 #098 Hauber
33%
YW1 #250 Hémorhino
33%
YW2 #099 Humainequin
33%
YW1 #246 Humidon
33%
YW1 #397 Hydreux
33%
YW1 #183 Hyprapillon
33%
YW2 #446 Infiniris
33%
YW2 #355 Injustin
33%
YW1 #280 Insomnelle
33%
YW2 #177 Ivanupied
33%
YW1 #313 Jacquasseur
33%
YW2 #088 Jalouseriz
33%
YW2 #354 Jetnyan
33%
YW2 #353 Jibakoma
33%
YW2 #441 Jiganyan
33%
YW1 #278 Jouvencia
33%
YW1 #139 Kappacap
33%
YW2 #159 Kappadissi
33%
YW1 #141 Kappaloha
33%
YW1 #249 Kongel
33%
YW2 #201 Kyrycorne
33%
YW2 #200 Kyryn
33%
YW2 #386 Lacanne
33%
YW2 #395 Lady Démona
33%
YW2 #421 Lady Maggie
33%
YW2 #394 Lady Perpétua
33%
YW2 #392 Laure
33%
YW2 #179 Lulutin
33%
YW2 #361 Mabouhl
33%
YW2 #066 Maître Oden
33%
YW1 #244 Malmidal
33%
YW1 #242 Maltesse
33%
YW2 #339 Maranyan
33%
YW1 #214 Marcognito
33%
YW2 #393 Marge
33%
YW1 #125 Margoth
33%
YW2 #420 Maribass
33%
YW2 #419 Mariotte
33%
YW1 #051 Marra
33%
YW2 #358 Maudicko
33%
YW2 #425 Maximain
33%
YW1 #409 McKraken
33%
YW1 #410 McKraken
33%
YW2 #370 Mélobê
33%
YW2 #335 Melonyan
33%
YW2 #048 Mémogre
33%
YW1 #271 Méphito
33%
YW1 #291 Méroubadour
33%
YW2 #366 Métaréaulog
33%
YW2 #185 Métaureaulog
33%
YW2 #239 Millyeux
33%
YW1 #275 Misterbide
33%
YW1 #119 Misterre
33%
YW2 #306 Mlle Coucou
33%
YW2 #369 Mlle Courroux
33%
YW1 #281 Morphéa
33%
YW1 #293 Murhaine
33%
YW1 #092 Nanpart
33%
YW1 #403 Nébulor
33%
YW1 #286 Nénunoko
33%
YW1 #216 Nihilo
33%
YW1 #215 Ninjamévu
33%
YW1 #176 Nomoné
33%
YW1 #058 Nonjuan
33%
YW2 #264 Non-non
33%
YW1 #178 Noproblemo
33%
YW1 #163 Noripop
33%
YW1 #071 Nuiroir
33%
YW1 #321 Octorgombre
33%
YW1 #402 Ombraptor
33%
YW1 #197 Omnitonton
33%
YW1 #203 Onisoi
33%
YW2 #336 Oranyan
33%
YW1 #118 Oronyan
33%
YW1 #063 Padrézo
33%
YW1 #181 Papiltation
33%
YW1 #182 Papiltension
33%
YW1 #190 Paradoxa
33%
YW2 #106 Parantonn
33%
YW2 #174 Parasolal
33%
YW2 #060 Pardomino
33%
YW2 #364 Pariasolal
33%
YW1 #093 Passpa
33%
YW2 #340 Pastènyan
33%
YW1 #270 Pégaz
33%
YW1 #151 Pitou
33%
YW2 #263 Poil-Emile
33%
YW2 #262 Poilux
33%
YW1 #399 Porcinator
33%
YW2 #084 Potache
33%
YW2 #243 Potofeu
33%
YW1 #414 Potofeu
33%
YW2 #379 Poulpater
33%
YW2 #378 Poulpatouch
33%
YW2 #367 Poulux
33%
YW2 #240 Précyeux
33%
YW1 #408 Pr Létripe
33%
YW1 #096 Racaïd
33%
YW1 #218 Ragioni
33%
YW2 #228 Raltesse
33%
YW1 #411 Rancornet
33%
YW1 #192 Rattatam
33%
YW1 #120 Ressak
33%
YW1 #115 Rhinolimit
33%
YW2 #341 Robocap
33%
YW2 #344 Robocorniot
33%
YW2 #346 Robodracou
33%
YW2 #342 Robokoma
33%
YW2 #345 Robonoko
33%
YW2 #343 Robopapéti
33%
YW2 #359 Ronéan
33%
YW2 #188 Sabrille
33%
YW1 #404 Sabroclair
33%
YW2 #149 Sabruine
33%
YW1 #166 Salsalga
33%
YW1 #153 Satandre
33%
YW1 #294 Saumhonni
33%
YW2 #175 Scarasol
33%
YW2 #299 Scolérique
33%
YW2 #298 Scoltine
33%
YW2 #368 Sinisrénée
33%
YW1 #301 Sire Dragon
33%
YW2 #303 Sirénée
33%
YW2 #304 Sirènité
33%
YW2 #383 Soupotori
33%
YW1 #124 Squarlett
33%
YW1 #126 Squelèbelle
33%
YW1 #401 Styx VI
33%
YW2 #107 Suinthan
33%
YW2 #382 Sumodon
33%
YW1 #193 Supernoël
33%
YW1 #217 Suspicioni
33%
YW1 #148 Tapur
33%
YW1 #198 Tata Aura
33%
YW1 #199 Tata Calin
33%
YW2 #186 Tauracle
33%
YW1 #069 Télémir
33%
YW1 #205 Tendino
33%
YW2 #445 Thénuki
33%
YW2 #154 Timours
33%
YW1 #196 Tontonerre
33%
YW1 #204 Tortico
33%
YW2 #391 Tourboeillon
33%
YW1 #308 Tourneboul
33%
YW2 #133 Traviolette
33%
YW2 #070 Triptic-Tac
33%
YW2 #059 Trodésolé
33%
YW1 #267 Umilie
33%
YW1 #292 Urnaconda
33%
YW1 #241 Venaldo
33%
YW1 #295 Vexturgeon
33%
YW2 #338 Vigninyan
33%
YW1 #052 Violette
33%
YW1 #184 Vitapillon
33%
YW1 #412 Volteface
33%
YW1 #165 Wakapoeira
33%
YW2 #134 Yokoeil
33%
YW2 #269 Adolfo jeton
22%
YW2 #444 Ambronzio
22%
YW1 #161 Amoiz
22%
YW2 #255 Babarouf
22%
YW1 #230 Bibliotengu
22%
YW1 #221 Chauv'coucou
22%
YW1 #220 Chauvekipeut
22%
YW1 #251 Chiperpiou
22%
YW1 #311 Claquille
22%
YW1 #312 Cocpille
22%
YW2 #284 Crampaud
22%
YW1 #309 Croquin
22%
YW1 #194 Dédé
22%
YW1 #195 Dédéstin
22%
YW2 #090 Egare-Dare
22%
YW2 #172 Felipaix
22%
YW1 #256 Flamente
22%
YW2 #123 Gambeth
22%
YW1 #235 Hennimi
22%
YW1 #406 Inamygal
22%
YW1 #310 Inisquale
22%
YW2 #289 Jérémya
22%
YW1 #108 Lama Laya
22%
YW2 #288 Maudieuse
22%
YW2 #389 Méganyan
22%
YW2 #173 M. Felipaix
22%
YW2 #171 M. Papilla
22%
YW1 #234 Nimpégase
22%
YW2 #272 Ornella
22%
YW1 #102 Pachycoul
22%
YW2 #104 Pachypipi
22%
YW2 #170 Papilla
22%
YW2 #268 Pépésbrouf
22%
YW1 #103 Persévéfant
22%
YW1 #162 Pikor
22%
YW1 #253 Pioubidou
22%
YW1 #191 Potaumorose
22%
YW2 #252 Rapiaf
22%
YW2 #305 Sireine-Mère
22%
YW2 #231 Snobéa
22%
YW2 #273 Sornella
22%
YW1 #229 Tengubre
22%
YW2 #416 Tromploeil
22%
YW2 #077 Valetino
22%
YW1 #222 Vampiloc
22%
YW1 #319 Vipairflay
22%
YW1 #318 Vipérâle
22%
YW1 #317 Vipètesec
22%
YW2 #150 Vito
22%
YW1 #258 Volatriste
22%
YW1 #257 Volibrius
22%
YW2 #254 Zikafon
22%
YW2 #210 Carnanova
11%
YW2 #207 Couchtar
11%
YW2 #187 Donchan
11%
YW2 #315 Draconfus
11%
YW2 #209 Herbert
11%
YW2 #160 Maître Nyada
11%
YW2 #208 Noctambill
11%
YW2 #417 Taprice
11%
YW2 #296 Yventouse
11%
Aucun quiz correspondant
Distribution des résultats
% des personnes avec chaque résultat
Percentile par nombre de réponses
Votre historique - résultats
Vous n’avez pas pris ce quiz depuis la dernière actualisation